Sen bez folklóru a pózy

Bibliographic Details
Main Author: Halvoník, Alexander, 1945- (Author)
Format: Article
Language:Slovak
Subjects:

MARC

LEADER 00000nab a2200000 a 4500
001 vtls001490122
003 SK-MaSNL
005 20260304000037.0
008 160314c2004 xo mr|p|||||||000 b|slo
015 |a SNBRB2005/01 
038 |a SNKBUCL 
040 |a SNKBUCL  |b slo  |c SNKBUCL  |e AACR2 
041 0 |a slo 
044 |a xo  |c SK 
080 |a 82.09:821.162.4-32  |x (048)  |2 1997 
080 |a 821.162.4-32  |x (048)  |2 1997 
100 1 |a Halvoník, Alexander,  |d 1945-  |4 aut  |9 103645 
245 1 0 |a Sen bez folklóru a pózy  |c Alexander Halvoník 
650 0 7 |a slovenské poviedky  |2 snkbucl  |9 111049 
655 7 |a recenzie  |2 snkbucl  |9 21907 
773 0 |t Knižná revue  |g Roč. XIII, č. 20 (2004), s. 5  |x 1210-1982 
787 0 8 |i Rec.:  |a Hrubý, Ladislav  |t Kráľovstvo na zemi  |d Žilina : Knižné centrum, 2004  |z 8080642044 
852 |a SNK  |b KIS3GCP 
958 |a LX 
958 |a RC 
999 |c 2529068  |d 2530998